<?xml version="1.0" encoding="UTF-8"?>
<record
    xmlns:xsi="http://www.w3.org/2001/XMLSchema-instance"
    xsi:schemaLocation="http://www.loc.gov/MARC21/slim http://www.loc.gov/standards/marcxml/schema/MARC21slim.xsd"
    xmlns="http://www.loc.gov/MARC21/slim">

  <leader>01832    a2200205   4500</leader>
  <controlfield tag="001">54504</controlfield>
  <controlfield tag="005">20260407155817.0</controlfield>
  <controlfield tag="008">260407a1995    arg                 spa d</controlfield>
  <controlfield tag="003">AR-UNSa-BCEJYS</controlfield>
  <datafield tag="040" ind1=" " ind2=" ">
    <subfield code="a">AR-UNSa-BCEJYS</subfield>
    <subfield code="b">spa</subfield>
    <subfield code="c">AR-UNSa-BCEJYS</subfield>
  </datafield>
  <datafield tag="080" ind1=" " ind2=" ">
    <subfield code="a">336.1</subfield>
    <subfield code="x">Finanzas P&#xFA;blicas. Finanzas del gobierno en general
 
</subfield>
  </datafield>
  <datafield tag="245" ind1="1" ind2="0">
    <subfield code="a">Finanzas p&#xFA;blicas y econom&#xED;a espacial</subfield>
  </datafield>
  <datafield tag="264" ind1=" " ind2="1">
    <subfield code="a">La Plata :</subfield>
    <subfield code="b">Universidad Nacional de la Plata. Facultad de Ciencias Econ&#xF3;micas</subfield>
    <subfield code="c">1995</subfield>
  </datafield>
  <datafield tag="300" ind1=" " ind2=" ">
    <subfield code="a">265 p,</subfield>
    <subfield code="c">22 cm.</subfield>
  </datafield>
  <datafield tag="505" ind1=" " ind2=" ">
    <subfield code="a">ECONOM&#xCD;A ESPACIAL - I. Indicadores de desarrollo regional en la Rep&#xFA;blica Argentina: Resultados preliminares - II. Indicadores de desarrollo regional de la Rep&#xFA;blica Argentina.M&#xE1;s de dos d&#xE9;cadas despu&#xE9;s - III. Integraci&#xF3;n social, productividad y pol&#xED;ticas distributivas: Un an&#xE1;lisis exploratorio - IV. Convergencia entre regiones.Algunos resultados emp&#xED;ricos para la Argentina, 1953-1980 - FINANZAS P&#xDA;BLICAS - I. Descentralizaci&#xF3;n fiscal: Algunas lecciones para Latinoam&#xE9;rica - II. Alternativas de sustituci&#xF3;n del impuesto a los ingresos brutos,disparidades regionales y evaluaci&#xF3;n de equilibrio general - III. Medidas de equidad y pol&#xED;tica fiscal: Teor&#xED;a y una aplicaci&#xF3;n - IV. Impuestos ambientales &#xF3;ptimos y la tributaci&#xF3;n diferencial de las naftas con o sin plomo - V. An&#xE1;lisis econ&#xF3;micos de las garant&#xED;as establecidas por el proyecto de la ley nacional del sistema integrado de jubilaciones y pensiones - VI. Federalismo  fiscal: una revisi&#xF3;n de la literatura sobre asignaci&#xF3;n de potestades fiscales - VII. Elementos para una discusi&#xF3;n pendiente: el federalismo fiscal - VIII. Evasi&#xF3;n impositiva y corrupci&#xF3;n: un tratamiento integrador de dos modelos alternativos</subfield>
  </datafield>
  <datafield tag="041" ind1=" " ind2=" ">
    <subfield code="a">spa</subfield>
  </datafield>
  <datafield tag="942" ind1=" " ind2=" ">
    <subfield code="c">BK</subfield>
  </datafield>
  <datafield tag="590" ind1=" " ind2=" ">
    <subfield code="a">niveau_biblio:m niveau_hierar:0</subfield>
  </datafield>
  <datafield tag="100" ind1="1" ind2=" ">
    <subfield code="a">Porto, Alberto</subfield>
  </datafield>
  <datafield tag="999" ind1=" " ind2=" ">
    <subfield code="c">5590</subfield>
    <subfield code="d">5590</subfield>
  </datafield>
  <datafield tag="952" ind1=" " ind2=" ">
    <subfield code="0">0</subfield>
    <subfield code="1">0</subfield>
    <subfield code="4">0</subfield>
    <subfield code="7">0</subfield>
    <subfield code="a">BCEJYS</subfield>
    <subfield code="b">BCEJYS</subfield>
    <subfield code="c">16</subfield>
    <subfield code="d">2026-04-07</subfield>
    <subfield code="l">0</subfield>
    <subfield code="o">336.1 P839</subfield>
    <subfield code="p">L65169</subfield>
    <subfield code="r">2026-04-07 15:58:17</subfield>
    <subfield code="w">2026-04-07</subfield>
    <subfield code="y">L</subfield>
  </datafield>
</record>
